000 01329nac a22004577a 4500
001 BR8603425
003 BR-BrBNA
005 20240105120439.0
008 230509b bl.|||m| |||| 00| 0 por d
040 _aBR-BrBNA
_bpor
_cBiblioteca Nacional de Agricultura
072 _aE70; E16
090 _aE70 BR8603425
110 1 _aFundacao Centro Estadual de Planejamento Agricola, Salvador, BA (Brasil)
_94810
245 1 _aInforme mensal de acompanhamento conjuntural [abastecimento, safra, preco, Bahia, Brasil]
260 3 _aSalvador, BA (Brasil):
_c1986.
300 _a103 p.
490 _aInforme Mensal de Acompanhamento Conjuntural - Fundacao Centro Estadual de Planejamento Agricola (Brazil)
_vno. 72
_xISSN 0102-0943
500 _a44 tables; 16 graphs
650 _aSAFRA
650 _aABASTECIMENTO
650 _aESTATISTICA DE PRODUCAO
650 _aESTATISTICA COMERCIAL
650 _aPRECO
650 _aALGODAO
650 _aALHO
650 _aARROZ
650 _aBATATA
650 _aCEBOLA
650 _aFEIJAO
650 _aLARANJA
650 _aMAMONA
650 _aMANDIOCA
650 _aMILHO
650 _aSISAL
650 _aSOJA
650 _aTOMATE
650 _aTRIGO
650 _aBAHIA
909 _a202312
_bLúcia Elande
_c55
_dLúcia Elande
942 _2AGRIS
_n0
_cMS
999 _c279481
_d279481